ख़ुश्बू-ए-अहसासःमुकेश गंभीरः (Record no. 71481)

MARC details
000 -LEADER
fixed length control field 01424nam a22002777a 4500
005 - DATE AND TIME OF LATEST TRANSACTION
control field 2012112004274.0
008 - FIXED-LENGTH DATA ELEMENTS--GENERAL INFORMATION
fixed length control field 090408t xxu||||| |||| 00| 0 hin d
010 ## - LCCN (DPL NO)
LC control number HIN-97417
020 ## - INTERNATIONAL STANDARD BOOK NUMBER
Terms of availability 400.00
International Standard Book Number 9788188167584
035 ## - SYSTEM CONTROL NUMBER
System control number HN-69763
037 ## - SOURCE OF ACQUISITION
Source of stock number/acquisition DBAD / PUB
040 ## - CATALOGING SOURCE
Original cataloging agency DPL
Language of cataloging HN
082 ## - DEWEY DECIMAL CLASSIFICATION NUMBER
Classification number 821.08
100 ## - MAIN ENTRY--PERSONAL NAME
9 (RLIN) 27482
245 ## - TITLE STATEMENT
Title ख़ुश्बू-ए-अहसासःमुकेश गंभीरः
Statement of responsibility, etc अमर साहनी एवं अंजु दुआ जैमिनी द्वारा संपादित
Remainder of title एक विश्लेषणात्मक अध्ययन /
260 ## - PUBLICATION, DISTRIBUTION, ETC. (IMPRINT)
Name of publisher, distributor, etc कलावती प्रकाशन
Date of publication, distribution, etc 2011
Place of publication, distribution, etc नई दिल्ली
270 ## - ADDRESS
Address पी-4, पिलंजी सरोजिनी नगर
City नई दिल्ली
Postal code 110023
Telephone number 011- 26114151
Electronic mail address Kalawati_prakashan@rediffmail.com
300 1# - PHYSICAL DESCRIPTION
Extent 152पृ.
Dimensions 22सेमी (सजिल्द)
Other physical details रंगीन फोटो
650 ## - SUBJECT ADDED ENTRY--TOPICAL TERM
9 (RLIN) 1169
700 ## - ADDED ENTRY--PERSONAL NAME
9 (RLIN) 27483
Personal name साहनी, अमर
700 ## - ADDED ENTRY--PERSONAL NAME
Personal name जैमिनी, अंजु दुआ
9 (RLIN) 53630
710 ## - ADDED ENTRY--CORPORATE NAME
9 (RLIN) 52094
711 ## - ADDED ENTRY--MEETING NAME
9 (RLIN) 52444
942 ## - ADDED ENTRY ELEMENTS (KOHA)
Institution code [OBSOLETE] dpl
Item type Hindi Books
Source of classification or shelving scheme Dewey Decimal Classification
Call number suffix खु़श्बूए
Classification part 821.08
Holdings
Withdrawn status Lost status Source of classification or shelving scheme Damaged status Not for loan Collection code Home library Current library Date acquired Source of acquisition Cost, normal purchase price Total Checkouts Full call number Barcode Date last seen Copy number Cost, replacement price Koha item type
    Dewey Decimal Classification   Not For Loan Non-fiction D.B.Act.Division D.B.Act.Division 20/11/2012 DBAD / PUB 400.00   821.08 खु़श्बूए HN-69763 20/11/2012 1 400.00 Hindi Books

© Delhi Public Library
Hit Counter
free hit counter